| 000 | 01340nam a22002897a 4500 | ||
|---|---|---|---|
| 005 | 20141204112438.0 | ||
| 008 | 141021t2013 ii a fr 001 0 eng d | ||
| 020 | _a9789350902622 | ||
| 040 | _aEG-ScBUE | ||
| 043 | _aa-ii--- | ||
| 082 | 0 | 0 |
_222 _bSHA _a610.73071154 |
| 100 | 1 |
_aSharma, Mukesh Chandra _936295 |
|
| 245 | 1 | 0 |
_aTextbook of nursing education-communication and educational technology for BSc and post basic nursing students / _cMukesh Chandra Sharma ; foreword Larissa Martha Sams. |
| 246 | 3 | 4 |
_aTextbook of nursing education (communication & educational technology) for BSc & post basic nursing students : _b(as per the syllabus of Indian Nursing Council) |
| 246 | 3 | 0 | _aNursing education-communication and educational technology for BSc and post basic nursing students / |
| 260 |
_aNew Delhi : _bJaypee Brothers Medical Publishers (P) Ltd, _cc.2013. |
||
| 300 |
_axviii, 352 p. : _bill. ; _c24 cm. |
||
| 500 | _aGlossary : p. 343-347. | ||
| 500 | _aIndex : p. 351-352. | ||
| 521 | _aFor BSc and post basic nursing students. | ||
| 650 | 0 |
_aNursing _912284 _xStudy and teaching _zIndia |
|
| 653 |
_bNNUR _cOctober2014 _cDecember2014 |
||
| 655 |
_vreading book _934232 |
||
| 700 | 1 |
_aSams, Larissa Martha _936296 _eauthor of introduction, etc. |
|
| 710 | 2 |
_936297 _aIndian Nursing Council |
|
| 942 |
_2ddc _k610.73071154 SHA |
||
| 999 |
_c18486 _d18458 |
||